Abécédaire de la mer - Statistiques

Statistiques générales
  • Ce quiz a été pris 64 fois
  • Le résultat moyen est 15 sur 26
Statistiques - réponses
Lettres Questions Réponses % Correct
A Popeye en a une tatoué sur le bras. Ancre
95%
P Frère de Zeus, Dieu de la mer Poseidon
90%
T Côté droit du bateau Tribord
90%
V bateau avançant grâce au vent. Voilier
86%
K Légère embarcation d'origine Inuit. Kayak
83%
C Nom du bateau de pêche consistant à traîner un grand filet derrière le bateau. Chalutier
81%
S Le Nautilus de Jules Verne en est un. Sous-Marin
81%
G Du Tonkin, du Mexique ou du Lion. Golfe
80%
N Celui de l'Erika à provoquer une marée noire de grande ampleur. Naufrage
80%
F La Norvège en possèdent plus de 1000. Fjord
78%
D Ouvrage destiné a retenir l'eau et ainsi éviter la submersion des terres. Digue
76%
Y Bateau de plaisance Yacht
75%
B Étendue de glace qui se forme à la surface de l'eau. Banquise
73%
H Mouvement ondulatoire de la surface de l'eau Houle
68%
M Jeune marin apprenti. Mousse
68%
E Permet de franchir des dénivellations dans un canal. Écluse
59%
I Une étroite bande de terre, entre deux mers, qui réunit 2 étendues de terre. Isthme
51%
Q Le "?" des brumes Quai
46%
J Cette Transatlantique qui relie Le Havre au Brésil sent le café. Jacques Vabre
41%
O bateau à voile utilisé pour l'initiation. Optimist
39%
Z Opposé du phytoplancton. Zooplancton
37%
R Mouvement transversal du bateau Roulis
36%
L Skipper surnommé "Roi Jean" Le Cam
19%
W Cabestan à l'horizontal Winch
10%
X poisson d'eau douce et rependu en aquarium Xyphophore
3%
U 3e plus grande île des Marquises Ua Pou
0%
Aucun quiz correspondant
Distribution des résultats
% des personnes avec chaque résultat
Percentile par nombre de réponses
Votre historique - résultats
Vous n’avez pas pris ce quiz